lacy - Olivia Rodrigo (All Lyrics) - Statistics

General Stats
  • This quiz has been taken 141 times
  • The average score is 166 of 205
Answer Stats
Lyrics % Correct
Lacy,
100%
oh
99%
I
98%
like
95%
Like
95%
you
94%
You
94%
in
92%
on
92%
that
91%
the
91%
The
91%
to
91%
your
91%
it
89%
skin
89%
care,
88%
care
88%
do
88%
of
88%
all
87%
are
87%
my
87%
But
86%
ever
86%
one
86%
thing
86%
try,
86%
try
86%
Try
86%
Aren't
85%
aren't
85%
hair,
84%
I'm
84%
it's
84%
pastry
82%
you're
82%
me
80%
not
80%
this
80%
wear,
80%
time
79%
want
79%
And
78%
and
78%
angel
78%
side
78%
every
76%
got
76%
lately
76%
puff
76%
ribbons
76%
Did
75%
exist?
75%
sweetest
74%
tell
74%
doin'
73%
eyes
73%
made
73%
perfume
73%
well?
73%
Well,
73%
feel
72%
get
72%
as
71%
Hell?
71%
Ooh,
71%
ooh,
71%
greatest
69%
life,
69%
losin'
69%
could
68%
dust
68%
how
68%
knots
68%
mind
68%
people
68%
see
68%
bullets
67%
just
67%
little
67%
stomach's
67%
takes
67%
compliments
66%
daisies
66%
over
66%
Dear
65%
everywhere
65%
linger
65%
out
65%
sexy
65%
rationalize,
64%
they
62%
white
62%
despise
61%
for
61%
Yeah,
61%
much
60%
Watching,
60%
plain
59%
poison
59%
sight
59%
Smart,
59%
torture
59%
bear
58%
Dazzling,
58%
fell
58%
hard
55%
jealous
55%
rotten
55%
worships
55%
hidden
54%
reincarnate
54%
loathe
52%
starlet,
47%
Bardot
45%
No matching quizzes found
Score Distribution
Percent of People with Each Score
Percentile by Number Answered
Your Score History
You have not taken this quiz